000 00606pam a2200193 i 4500
020 _a0471023523
040 _cDLC
082 0 0 _a630 WIL 1978 A041 Or.
100 1 _aLittle, Thomas Morton,
245 1 0 _aAgricultural experimentation :
_bdesign and analysis /
260 _aNew York :
_bWiley,
_cc1978.
300 _axiii, 350 p. :
_bgraphs ;
_c23 cm.
500 _aIncludes index.
650 0 _aAgriculture
700 1 _aHills, Frederick Jackson,
856 4 2 _uhttp://www.loc.gov/catdir/description/wiley033/77026745.html
856 4 _uhttp://www.loc.gov/catdir/toc/onix03/77026745.html
942 _cEK
999 _c12104
_d12104